00495nam a2200121Ia 4500001000400000008004100004082002300045100006500068245018300133260001400316901002800330999001500358938241024s9999 xx 000 0 und d aRD/372.97293/R426d aRepública Dominicana.Secretaría de Estado de Educación 0aDocumento de Licitaciones para Adquisición de Libros para las Bibliotecas de los Centros de Recursos Educativos y de Aprendizaje (CRECE) de la Educación Inicial LPNo. 05-2008 bOCIc2008 a13/12/2010 9:39:06 a.m. c8635d8635